Päťdesiat rokov v slovenskom národnom živote od spomienok k prameňom

Bibliographic Details
Main Author: Sedlák, Imrich, 1933-2016 (Author)
Format: Book
Language:Slovak
PhysicalDescription:221 s. fotogr. 21 cm
Published: Martin Matica slovenská 2011
ISBN:9788081280139
Edition:[1. vyd.]
Subjects:

MARC

LEADER 00000cam a2200000 a 4500
001 vtls011747385
003 SK-MaSNL
005 20260426000428.0
008 240313s2011 xo o g 001 0aslo
015 |a SNBA2011/11-05783 
020 |a 9788081280139  |q (viaz.) 
035 |a 296502BC-F593-4D90-89DA-2602237E5D40 
035 |a urn:nbn:sk:snk-am3h6yj 
035 |a urn:nbn:sk:snk-am00cpqa 
040 |a SNK  |b slo  |c SNK  |e AACR2 
041 0 |a slo 
043 |a e-xo--- 
044 |a xo  |c SK 
072 7 |a 929  |x Biografie  |2 konspekt 
080 |a 929  |2 2001 
080 |a 82-027.22  |2 2001 
080 |a 323  |2 2001 
080 |a 316.7:32  |2 2001 
080 |a (437.6)  |2 2001 
080 |a (092)  |2 2001 
080 |a (0:82-94)  |2 2001 
080 |a 316.72/.75  |2 2001 
100 1 |a Sedlák, Imrich,  |d 1933-2016  |4 aut  |9 103252 
245 1 0 |a Päťdesiat rokov v slovenskom národnom živote  |b od spomienok k prameňom  |c Imrich Sedlák 
250 |a [1. vyd.] 
260 |a Martin  |b Matica slovenská  |c 2011 
300 |a 221 s.  |b fotogr.  |c 21 cm 
504 |a Men. reg. Výber. bibliografia autora na s. 219-221 
600 1 7 |a Sedlák, Imrich,  |d 1933-2016  |2 SNKMA  |9 103252 
650 0 7 |a literárny život  |2 SNKPH  |9 3769 
650 0 7 |a Literary life  |2 SNKPHeng  |9 265321 
650 0 7 |a Culture and society  |2 SNKPHeng  |9 265089 
650 0 7 |a kultúra a spoločnosť  |2 SNKPH  |9 4083 
650 0 7 |a spomienky  |2 SNKPH  |9 55795 
651 7 |a Slovensko  |2 SNKPHgeo  |9 14231 
651 7 |a Slovakia  |2 SNKPHeng  |9 92630 
655 7 |a autobiografie  |2 SNKPH  |9 70280 
655 7 |a Autobiography  |2 SNKPHeng  |9 283613 
655 7 |a Reminiscences  |2 SNKPHneg  |9 93477 
852 |a Štátna vedecká knižnica v Banskej Bystrici 
919 |a 978-80-8128-013-9 
958 |a BX 
958 |a OND 
999 |c 855494  |d 857424 
952 |a SNK  |b SNK  |y PREZ  |7 0  |p 17A0754908  |o snkSC 147037  |i snk2011/21943  |8 0  |0 0  |1 0  |4 0  |d 2011-10-28  |f 1  |l 0  |r 2025-07-16 00:00:00  |w 2026-02-24 
952 |a SNK  |b SNK  |y VYP  |7 0  |p 17A1075710  |o snkSC 147037 D1  |i snk2011/21944  |8 0  |0 0  |1 0  |4 0  |d 2011-10-28  |l 0  |r 2026-02-24 04:55:07  |w 2026-02-24 
952 |t snkSED 929  |a SNKUST  |b SNKUST  |y PREZ  |7 0  |p 17A1126089  |o snkSC 147037 D2  |i snk2018/14075  |8 1  |0 0  |1 0  |4 0  |d 2018-06-29  |l 0  |r 2025-05-29 00:00:00  |w 2026-02-24